| 000 | 00458nam a2200181Ia 4500 | ||
|---|---|---|---|
| 008 | 220531s9999 xx 000 0 und d | ||
| 041 | _aeng | ||
| 082 |
_a339 _bMUK / GHO |
||
| 100 |
_aMukherjee, S. / Ghosh, A. _955153 |
||
| 245 | _aPrinciples Of Macroeconomics | ||
| 250 | _a1ST | ||
| 260 |
_aKolkata _bNew central book _c2009 |
||
| 300 | _a428 | ||
| 542 | _d05-10-2009 | ||
| 650 |
_aEconomics _955154 |
||
| 906 | _d2009-2010 | ||
| 999 |
_c31879 _d31879 |
||